000
00268nam a2200109 a 4500
005
20201002060522.0
008
180515s2004 000 spa d
020
_a
9945400959
245
0
_a
Educación sexual 3 :.
260
_a
Santo Domingo,
_c
[s.f.].
999
_c
46885
_d
46885
040
_a
DO-SdBNP